000 00739nam a2200205Ia 4500
005 20241216011401.0
008 190429s9999||||xx |||||||||||||| ||und||
082 _a303.6
_bH82
100 _aHUARI SALINAS RAFAEL GUSTAVO
245 0 _aLA VIOLENCIA SOCIAL Y SU INFLUENCIA EN LA NUEVA NARRATIVA PERUANA DE FIN DEL SIGLO XX E INICIOS DEL SIGLO XXI
250 _a0
260 _aCERRO DE PASCO-PERU
_bUNDAC
_c2011
300 _a77 pag.
_c29.7 cm.
341 _h0
490 _v0
_a0
505 _aINTRODUCCION AL ESTUDIO, FUNDAMENTOS TEORICOS, LAS NOVELAS DE LA VIOLENCIA SOCIAL EN EL PERU DE FINES DEL SIGLO XX E INICIOS DEL SIGLO XXI
541 _aD
_bHUARI SALINAS RAFAEL G
_d08-May-12
_oSoles
650 _aEducación
942 _cTESIS
999 _c40386
_d40386